| 000 | 00399nam a2200157 4500 | ||
|---|---|---|---|
| 003 | SEACOMEC | ||
| 005 | 20250508141428.0 | ||
| 008 | 250508b |||||||| |||| 00| 0 eng d | ||
| 020 | _c220.00 | ||
| 040 | _aSEACOMEC | ||
| 082 |
_a621.042 _bG732 |
||
| 110 | _aGK Publications | ||
| 245 |
_aGATE papers including practice/ _cg k publication |
||
| 260 |
_a UP : _bGK Publications, _c2009 |
||
| 942 | _cBOOK | ||
| 999 |
_c2277 _d2277 |
||